000 00655nam a2200229 a 4500
001 BRCA_7029
005 20190320205701.0
008 291111s1954----fr-a######---#000-0#fre-#
041 _afre
044 _afr
050 4 _aSB409
_b.V32
_c1954
100 1 _aVacherot, Maurice
_917476
245 1 0 _aLes orchidees
_bgeneralites, culture, obtention des semis et description des principales especies
_cMaurice Vacherot
260 _aParís
_bJ.B. Bailliere
_c1954
300 _a268 p.
_bil.
_c24 cm.
500 _aIncluye glosario
500 _aI176
504 _aBibliografía: p. 263-265
650 1 4 _aOrquídeas
_97665
902 _aGFM
942 _2lcc
_cB
999 _c6710
_d6710